000
00278nam a22001097a 4500
008
170113b xxu||||| |||| 00| 0 eng d
020
_a
9780801658419
041
_a
eng
080
_2
3RD
_a
618.2
245
_a
DIAGNOSTIC TESTING & NURSING IMPLICATIONS
_c
PAGANA, K.D
942
_2
udc
_c
BK
999
_c
2860
_d
2860